Songs by Letter - S - Statistics

General Stats
  • This quiz has been taken 105 times
  • The average score is 10 of 18
Answer Stats
Song Artist % Correct
Smells Like Teen Spirit Nirvana
96%
Single Ladies (Put A Ring On It) Beyonce
89%
Shake It Off Taylor Swift
81%
Stairway To Heaven Led Zeppelin
80%
Sweet Child O'Mine Guns N' Roses
79%
Sexual Healing Marvin Gaye
67%
She Loves You The Beatles
64%
Sultans Of Swing Dire Straits
62%
Straight Outta Compton N.W.A
60%
(Sittin' on) The Dock of the Bay Otis Redding
58%
Stand By Me Ben E. King
57%
Song 2 Blur
57%
Sorry Justin Bieber
51%
See You Again Wiz Khalifa feat. Charlie Puth
47%
Sadeness (Part I) Enigma
12%
Smoke Gets In Your Eyes The Platters
12%
Savior Rise Against
9%
Susie Q Dale Hawkins
4%
No matching quizzes found
Score Distribution
Percent of People with Each Score
Percentile by Number Answered
Your Score History
You have not taken this quiz